[Event "European Blitz-ch 2018"]
[Site "Skopje"]
[Date "2018.12.06"]
[Round "6"]
[White "Nenezic, Marko"]
[Black "Ivic, Velimir"]
[Result "1-0"]
[WhiteElo "2515"]
[BlackElo "2497"]
[Annotator "TA"]
[PlyCount "73"]
[EventDate "2018.12.06"]
[EventType "swiss"]
[EventCountry "MKD"]

{[%evp 15,73,-5,8,0,0,0,0,0,6,0,29,0,0,0,25,0,0,0,0,0,0,0,0,0,0,0,0,-31,-24,-94,-113,-234,-76,-70,-77,-254,-253,-234,-250,-369,-368,-311,-105,-140,-115,-120,0,0,0,0,0,-6,-3,-4,531,-277,552,562,553,535]} 1. Nf3 Nf6 2. c4 g6 3. b4 Bg7 4. Bb2 O-O 5. g3 d5 6. cxd5 Nxd5 {A15: English Opening: 1...Nf6} 7. Bxg7 Kxg7 8. Qb3 Qd6 {LiveBook: 6 Games. The position is equal.} 9. Qb2+ f6 10. a3 $1 e5 11. Bg2 (11. d3 b5 12. Nbd2 a5 13. bxa5 Rxa5 14. Bg2 {½-½ (35) Cruz,C (2549)-Forcen Esteban,D (2511) Zaragoza 2013}) 11... a5 12. b5 c5 $146 ({Predecessor:} 12... Nd7 13. O-O N7b6 14. Rc1 {1-0 (30) Belz,F (2021)-Bjoerknes,U (1678) Wiesbaden 2017}) 13. bxc6 Nxc6 14. O-O b5 15. d3 Rb8 16. Nbd2 Be6 17. Rfc1 Rfc8 18. Ne4 Qe7 19. Nc5 Bf7 20. Bh3 Rd8 $1 21. e4 Nc7 {[%cal Bd5c7,Bc7b5,Bb5d4][%mdl 32]} 22. Rc2 (22. Nd7 $11 {remains equal.} Rxd7 23. Rxc6 Rxd3 24. Qc2) 22... b4 $1 $17 23. Rac1 (23. Qc1 $17) 23... bxa3 $2 (23... Nb5 $19 {has better winning chances. And now ...Nbd4 would win.} 24. axb4 Nxb4 {[%mdl 64] Double Attack}) 24. Qxa3 Nb5 25. Qa1 $2 (25. Ne6+ $17 {was the only defense.} Bxe6 26. Qxe7+ Nxe7 27. Bxe6) 25... Nbd4 $19 26. Nxd4 Nxd4 ({But not} 26... exd4 $2 27. Na6 $18) 27. Rb2 (27. Qxa5 {is a better defense.} Nxc2 28. Rxc2) 27... Rxb2 28. Qxb2 Qa7 $2 (28... Ra8 $1 $19 {and Black stays clearly on top.} 29. Bg4 a4) 29. Kg2 Rb8 30. Qa3 Qb6 ({Better is} 30... f5 $17 {Black wants to play ...Qe7.} 31. f4 exf4) 31. Nd7 $1 $11 {[%cal Rd7b6]} Qb4 32. Qxb4 Rxb4 33. Rc7 $1 a4 34. Nc5 {Black must now prevent Ne6+.} a3 $2 {[%mdl 8192]} (34... f5 $11 {and Black stays safe.} 35. Ra7 a3 $1 {[%mdl 512]} 36. Rxa3 Nc2) 35. Ra7 $4 {[%mdl 8192]} (35. Ne6+ $1 $18 {was the only winning move.} Kh6 36. Rxf7) 35... Rb5 $4 {[%mdl 8192]} (35... a2 $19 {aiming for ...f5.} 36. Be6 {[#]} a1=Q $1 {[%mdl 512]} 37. Rxa1 Bxe6 38. Ra7+ Kh6 39. Nxe6 Nxe6) 36. Ne6+ $1 $18 Kg8 37. Ra8+ {Accuracy: White = 40%, Black = 42%.} 1-0

[Event "European Blitz-ch 2018"]
[Site "Skopje"]
[Date "2018.12.06"]
[Round "6"]
[White "Van Foreest, Lucas"]
[Black "Anton Guijarro, David"]
[Result "0-1"]
[WhiteElo "2500"]
[BlackElo "2642"]
[Annotator "TA"]
[PlyCount "86"]
[EventDate "2018.12.06"]
[EventType "swiss"]
[EventCountry "MKD"]

{[%evp 16,86,13,11,16,10,12,12,16,12,8,9,17,11,5,12,12,0,12,-31,-29,-29,-22,-22,-30,-21,13,15,1,1,8,1,25,14,24,11,13,-152,-146,-150,-134,-143,-147,-144,-89,-172,-154,-170,-153,-154,-132,-133,-133,-133,-134,-145,-142,-133,-61,-2054,-255,-267,-258,-253,-252,-260,-234,-269,-272,-276,-283,-6287,-6042]} 1. e4 e5 2. Nf3 Nc6 3. Bc4 Bc5 4. O-O Nf6 5. d3 h6 6. c3 d6 7. Re1 a5 {C54: Giuoco Piano: 4 c3 Nf6, main lines with 5 d4 and 5 d3} 8. Nbd2 O-O 9. Nf1 {LiveBook: 20 Games} a4 {The position is equal.} 10. Bb5 a3 $146 ({Predecessor:} 10... Ng4 11. Ne3 a3 12. b4 Bxe3 13. Bxe3 f5 14. exf5 Bxf5 15. Bxc6 bxc6 {0-1 (42) Zhigalko,S (2641)-Cheparinov,I (2710) Riadh 2017}) 11. b4 Bb6 12. Bc4 Ne7 13. Be3 Bxe3 14. Nxe3 c6 15. Bb3 Ng6 16. Qd2 Re8 17. h3 d5 18. exd5 cxd5 19. d4 e4 $1 {[%cal Re4f3]} 20. Ne5 $1 Nxe5 21. dxe5 Rxe5 22. Rad1 Be6 23. c4 {[%cal Rc4d5]} Qd7 {[#] Threatens to win with ...Bxh3!} (23... Rg5 $5 {[%cal Re6h3]}) 24. Nxd5 Bxd5 25. cxd5 Qd6 26. f4 $2 (26. Qd4 $11) 26... exf3 $1 $17 {...Rg5 is the strong threat.} 27. Rxe5 Qxe5 28. gxf3 Rd8 29. d6 Ne8 (29... Qg3+ $142 30. Qg2 Qf4) 30. Qf2 (30. d7 $17 Nf6 31. Qh2 Qe3+ 32. Kg2) 30... Rxd6 31. Re1 Qg5+ 32. Qg2 {[#] Black must now prevent Qxg5.} Qxg2+ 33. Kxg2 {[%mdl 4096] Endgame KRB-KRN} Rd2+ 34. Kg3 Kf8 35. Re5 Nd6 36. Ra5 g5 (36... g6 $17 {aiming for ...Nf5+.} 37. Rd5 Rxd5 38. Bxd5 Ke7) 37. Rxa3 $2 {[%mdl 8192]} (37. h4 $15) 37... h5 $2 (37... Nf5+ 38. Kg4 Ne3+ 39. Kh5 Kg7) 38. Ra5 b5 {[%cal Rd6f5]} 39. f4 Rd3+ 40. Kf2 gxf4 41. Ra6 Ke7 42. Ra7+ Kf6 43. Rd7 $2 (43. h4) 43... Ne4+ {[%mdl 64] Discovered Attack (Double check). Accuracy: White = 47%, Black = 73%.} 0-1

[Event "European Blitz-ch 2018"]
[Site "Skopje"]
[Date "2018.12.06"]
[Round "6"]
[White "Damljanovic, Branko"]
[Black "Saric, Ante"]
[Result "*"]
[WhiteElo "2495"]
[BlackElo "2533"]
[Annotator "TA"]
[PlyCount "112"]
[EventDate "2018.12.06"]
[EventType "swiss"]
[EventCountry "MKD"]

{[%evp 10,112,41,0,-12,0,26,9,16,14,90,-18,-18,-12,-11,-20,6,0,0,-8,-8,-5,0,0,0,0,0,0,0,0,0,0,0,0,0,-2,-5,-13,0,0,0,0,0,0,0,0,0,0,0,0,0,0,0,0,0,-3,0,-25,-18,-18,-18,-18,-17,-29,-3,-29,-16,-28,-37,-41,-41,-45,-44,-68,8,8,8,8,41,0,0,0,18,0,0,0,0,0,8,0,2,-26,0,0,0,-8,-1,-8,0,0,0,0,0,0,870]} 1. Nf3 c5 2. e4 g6 3. c3 d5 4. e5 Nc6 5. d4 (5. Bb5 Qb6 6. Bxc6+ Qxc6 7. d4 Bg4 8. O-O Nh6 9. Nbd2 Nf5 10. h3 Bxf3 11. Nxf3 h5 12. dxc5 Qxc5 {½-½ (51) Nakamura,H (2763)-Le,Q (2715) chess.com INT 2018}) 5... Bg4 6. dxc5 {LiveBook: 3 Games. B27: Sicilian: 2 Nf3, unusual Black 2nd moves} Bxf3 7. Qxf3 Nxe5 8. Bb5+ {White has an edge.} Nc6 9. c4 e6 (9... Nf6 $11) 10. cxd5 $146 ({Better is} 10. Nc3 $16) ({Predecessor:} 10. Nc3 Nge7 11. Qf6 Rg8 {1-0 (37) Kasperek,R (2133)-Weissbein,T (2151) Szklarska Poreba 2017}) 10... Qxd5 $11 11. Qxd5 exd5 12. O-O O-O-O 13. Bf4 Bxc5 14. Rc1 Bd6 15. Be3 d4 16. Bxd4 Bxh2+ 17. Kxh2 Rxd4 18. Bxc6 bxc6 19. Rxc6+ Kb7 20. Rc1 Nf6 21. f3 Rhd8 22. Nc3 Rd2 23. b3 Rf2 {[#] White must now prevent ...Rdd2.} 24. Rd1 Rdd2 25. Rxd2 Rxd2 {[%mdl 4096] Endgame KRN-KRN} 26. Re1 Kc6 27. Re7 Rd7 28. Re2 Kc5 29. Rc2 {[#] Ne4+ is the strong threat.} Kd4 30. Na4 Re7 31. Kg3 Kd3 32. Rc6 Nh5+ 33. Kh4 Re2 34. g4 Rh2+ 35. Kg5 f6+ 36. Kh6 Nf4+ 37. Kg7 f5 38. Ra6 Ke3 {aiming for ...fxg4.} 39. gxf5 gxf5 40. Rxa7 Kxf3 41. Nc3 Ne6+ (41... h5 $15 42. Kf6 Rc2) 42. Kf6 Nd4 43. Rd7 Ke3 44. Nd5+ Ke4 45. Nc3+ Ke3 46. Nd1+ Ke4 47. b4 Rh6+ 48. Kg7 Ra6 49. Kxh7 f4 {[%cal Bf5f4,Bf4f3][%mdl 32]} 50. Kg7 f3 51. a4 {The position is equal.} Nf5+ 52. Kh7 Rh6+ 53. Kg8 Rh2 54. a5 Rc2 55. a6 {Threatens to win with b5.} Rc8+ 56. Kh7 {Strongly threatening b5.} Nd6 $2 {[%mdl 8192] Precision: White = 55%, Black = 57%.} (56... Ra8 $11 57. a7 Nd4) *

[Event "European Blitz-ch 2018"]
[Site "Skopje"]
[Date "2018.12.06"]
[Round "6"]
[White "Studer, Noel"]
[Black "Rusev, Krasimir"]
[Result "0-1"]
[WhiteElo "2494"]
[BlackElo "2520"]
[Annotator "TA"]
[PlyCount "56"]
[EventDate "2018.12.06"]
[EventType "swiss"]
[EventCountry "MKD"]

{[%evp 21,56,26,26,32,27,0,59,55,110,70,75,70,79,23,14,24,17,8,18,-22,25,14,98,93,87,22,21,0,35,22,31,31,31,2,2,-464,-462]} 1. d4 d5 2. c4 dxc4 3. e3 e5 4. Bxc4 exd4 5. exd4 Bd6 6. Nc3 Nf6 7. Qe2+ {D20: Queen's Gambit Accepted: 3 e3 and 3 e4} Qe7 8. Qxe7+ Bxe7 9. Nf3 Nbd7 10. O-O Nb6 11. Bb3 c6 {LiveBook: 5 Games} 12. Re1 Nfd5 13. Ng5 Bf5 $146 (13... h6 $11 14. Nge4 O-O) ({Predecessor:} 13... h6 14. Nge4 O-O {0-1 (67) Troff,K (2543)-Chandra,A (2493) Saint Louis 2016}) 14. Bd2 Rd8 (14... O-O $14) 15. a4 {[%cal Ba2a4,Ba4a5][%mdl 32]} O-O 16. a5 Nc8 17. Re5 (17. Nxd5 $16 cxd5 18. Re5) 17... Nxc3 $11 18. bxc3 {[#] aiming for a6.} ({Don't go for} 18. Rxf5 $2 Ne2+ 19. Kf1 Nxd4 $19) 18... Bg6 19. a6 b6 20. Ne4 Rd7 21. f4 {Hoping for f5.} Bd6 (21... Kh8 $11 {keeps the balance.}) 22. Nxd6 $16 Nxd6 {[#]} 23. Rae1 (23. Bc1 $1 $16) 23... Bd3 $11 24. Re7 Rfd8 25. Bxf7+ Kf8 26. Rxd7 Rxd7 27. Be6 Re7 28. Bd7 $2 {[%mdl 8192]} (28. Bc1 $11 {and White has nothing to worry.} Bf5 29. Ba3 Rxe6 30. Rxe6 Bxe6 31. Bxd6+ Ke8 32. Be5) 28... Rxd7 {Accuracy: White = 13%, Black = 48%.} 0-1

[Event "European Blitz-ch 2018"]
[Site "Skopje"]
[Date "2018.12.06"]
[Round "6"]
[White "Zajic, Milan"]
[Black "Artemiev, Vladislav"]
[Result "1/2-1/2"]
[WhiteElo "2488"]
[BlackElo "2709"]
[Annotator "TA"]
[PlyCount "110"]
[EventDate "2018.12.06"]
[EventType "swiss"]
[EventCountry "MKD"]

{[%evp 18,110,67,44,80,20,46,32,57,22,26,11,12,0,57,54,45,40,118,92,83,52,37,76,120,129,124,115,115,118,137,43,56,46,38,50,35,39,41,33,48,20,26,25,25,26,32,0,14,14,24,0,0,0,11,0,0,0,12,13,33,33,147,8,20,0,0,0,0,0,0,0,0,0,0,0,0,0,0,0,0,0,0,0,34,0,0,0,0,0,0,0,0,0,0]} 1. e4 c6 2. d4 d5 3. Nd2 dxe4 4. Nxe4 Nf6 5. Nxf6+ exf6 6. c3 Bd6 7. Bd3 Be6 8. Ne2 Qc7 9. Qc2 Nd7 {B15: Caro-Kann: 3 Nc3: 3...g6 and 3...dxe4 4 Nxe4 Nf6 5 Nxf6+ exf6} 10. Be3 {LiveBook: 12 Games} (10. h3 Nf8 11. Bd2 Bd7 12. O-O-O Ne6 13. c4 O-O-O 14. c5 Bf4 15. Bc4 Kb8 {0-1 (53) Jones,G (2623)-Aronian,L (2784) Berlin 2015}) 10... O-O-O 11. O-O-O $146 ({Better is} 11. c4 $16) ({Predecessor:} 11. c4 c5 12. d5 Bg4 13. O-O-O Rhe8 14. Bf5 Bxf5 15. Qxf5 g6 16. Qc2 f5 {0-1 (64) Dewi,A (2227)-Sredojevic,I (2355) Budapest 2017}) 11... Rhe8 (11... Bxa2 12. b3 $18) 12. c4 Bg4 13. h3 Bxe2 $1 14. Bxe2 Bf4 15. Rd3 c5 ({Black should play} 15... f5 $11) 16. Kb1 $14 Bxe3 17. fxe3 Nb6 (17... f5 $14) 18. Rhd1 Kb8 19. Rc3 f5 20. Bf3 g6 21. a4 Nc8 {[#]} 22. Rb3 $1 {[%cal Rb3b7]} Nd6 {[#]} 23. dxc5 $1 Qxc5 24. Rd5 (24. Rbd3 $16) 24... Qc7 25. c5 Ne4 26. Bxe4 Rxe4 27. Rxd8+ Qxd8 {[%mdl 4096] Endgame KQR-KQR} 28. c6 Re7 $1 29. cxb7 Rxb7 30. Rxb7+ Kxb7 {KQ-KQ} 31. Qb3+ Ka8 32. Ka2 Qd7 33. Qc4 Kb7 34. Qb3+ Kc7 35. Qc4+ Kb7 36. Qb3+ Ka8 37. h4 a6 38. Qc4 Qb7 39. g3 h5 (39... f6 $1 $14) 40. Qd4 (40. b4 $16) 40... Qc6 41. Ka3 Qc7 42. b3 Qxg3 43. Qd5+ Kb8 44. Qd8+ Kb7 45. Qd5+ {[%mdl 64] Double Attack} Kc8 46. Qc6+ Kd8 47. Qxa6 Qxe3 48. a5 Qc5+ 49. b4 Qc3+ 50. Ka4 Qc2+ 51. Ka3 {[%mdl 1024] White has compensation.} Qc1+ {The position is equal.} 52. Kb3 Qe3+ 53. Ka4 Qe8+ 54. Kb3 {Strongly threatening Qa8+.} Qe3+ 55. Ka4 {Threatens to win with Qd6+.} Qe8+ {Accuracy: White = 46%, Black = 49%.} 1/2-1/2

[Event "European Blitz-ch 2018"]
[Site "Skopje"]
[Date "2018.12.06"]
[Round "6"]
[White "Jenni, Florian"]
[Black "Demidov, Mikhail"]
[Result "0-1"]
[WhiteElo "2454"]
[BlackElo "2520"]
[Annotator "TA"]
[PlyCount "48"]
[EventDate "2018.12.06"]
[EventType "swiss"]
[EventCountry "MKD"]

{[%evp 12,48,0,0,36,-1,32,-15,-8,-34,-37,-38,-25,-25,-19,-10,-11,-14,-21,-18,0,-3,0,0,0,0,0,-9,-19,-15,-19,-11,0,-17,0,-18,-18,-16,-16]} 1. e4 e6 2. d4 d5 3. Nc3 Be7 4. Nf3 Nf6 5. e5 Nfd7 6. Ne2 {C11: French: Classical System: 4 e5 and 4 Bg5 dxe4} c5 7. c3 {LiveBook: 5 Games} b5 {[%cal Bb7b5,Bb5b4][%mdl 32]} 8. Ng3 $146 {White is slightly better.} ({Predecessor:} 8. Nf4 b4 9. Bd3 Ba6 10. Bxa6 Nxa6 11. O-O bxc3 12. bxc3 Nb6 13. Nd2 g6 {0-1 (27) Shubin,K (2375)-Demidov,M (2521) Sochi 2017}) 8... b4 9. Bd3 Ba6 10. O-O Bxd3 11. Qxd3 Nc6 12. c4 dxc4 13. Qxc4 {The position is equal.} Nxd4 14. Nxd4 cxd4 15. Qxd4 Qc7 16. Bf4 {aiming for Nf5!} O-O 17. Rac1 Qb7 18. Ne4 Rfd8 19. Nd6 $36 {[%mdl 2048] White is more active.} Qb6 20. Rfd1 Qxd4 21. Rxd4 {[#] And now Nb7 would win.} Nb6 22. Rc7 Bxd6 23. Rxd6 Nd5 24. Rc4 Rdc8 {[%mdl 32768] Accuracy: White = 54%, Black = 50%. . Loss on time!?} 0-1

[Event "European Blitz-ch 2018"]
[Site "Skopje"]
[Date "2018.12.06"]
[Round "6"]
[White "Blohberger, Felix"]
[Black "Milanovic, Danilo"]
[Result "0-1"]
[WhiteElo "2447"]
[BlackElo "2494"]
[Annotator "TA"]
[PlyCount "224"]
[EventDate "2018.12.06"]
[EventType "swiss"]
[EventCountry "MKD"]

{[%evp 11,223,1,18,-3,12,8,20,22,16,15,35,20,44,10,26,20,40,46,60,22,14,15,33,17,36,26,18,5,10,21,29,0,0,0,18,0,-14,-12,-15,-16,0,0,0,-39,0,-21,-21,-112,-70,-105,-110,-113,-117,-131,-131,-131,-129,-150,-147,-145,-67,-151,-68,-66,-75,-58,0,0,0,0,20,20,17,19,19,19,27,15,15,15,19,19,29,29,542,542,967,952,779,0,0,-52,0,0,0,-514,-514,-463,-438,-545,-526,-481,-40,-40,-40,-40,-40,-40,-40,-45,-8,-42,-9,-39,-40,-54,-54,-54,-54,-54,-54,-62,-62,-62,-62,-62,-62,-62,-62,-62,-62,-62,-62,-62,-62,-62,-62,-62,-62,-62,-62,-62,-8,-8,-8,-8,-8,-8,-8,-8,-8,-8,-7,-7,0,-7,0,-8,-8,-8,-8,-8,-8,-8,-8,-8,-8,-8,-8,-8,-8,-8,-8,-8,-8,-8,0,-8,-8,-8,-8,-8,-8,-8,0,-8,-8,-8,-8,-8,-8,-8,-8,-8,-8,-8,-8,-8,-8,-8,-8,-8,-8,-8,0,-8,0,0,0,0,0,0,0,-29999]} 1. d4 Nf6 2. Bf4 b6 3. e3 Bb7 4. h3 e6 5. Nf3 Be7 6. Nbd2 d6 {LiveBook: 18 Games} 7. Bh2 {A47: 1 d4 Nf6 2 Nf3 b6: Torre, London and Colle Systems} (7. Bd3 Nbd7 8. O-O Nf8 9. Re1 Ng6 10. Bh2 O-O 11. Qe2 Nd5 12. c3 a6 13. Rad1 b5 14. Bb1 f5 {0-1 (32) Ali Marandi,C (2487)-Cordova,E (2660) Merida 2016}) 7... Nbd7 8. a4 $146 ({Predecessor:} 8. Be2 O-O 9. O-O c5 10. c3 Re8 11. Qc2 Qc8 12. Rac1 cxd4 13. cxd4 Qxc2 14. Rxc2 Rec8 {1-0 (80) Guevorkian,S (1820)-Maestracci,O (1620) Loire 2007}) 8... a6 9. c3 {The position is equal.} O-O 10. Bd3 Re8 11. O-O Bf8 12. Qc2 g6 13. Rfe1 Bg7 14. e4 e5 15. dxe5 dxe5 16. Rad1 Qe7 17. b4 a5 18. Qb3 Bc6 19. Bb5 Bxb5 20. axb5 Nh5 21. Ra1 Nf4 22. Nc4 {[%cal Rb4a5]} axb4 23. cxb4 Ne2+ 24. Kh1 {And now Rxa8 would win.} Nd4 25. Nxd4 Rxa1 26. Rxa1 exd4 27. f3 Ne5 28. Nxe5 Bxe5 29. Bg1 (29. Bxe5 $11 Qxe5 30. Qc4) 29... Qd7 30. Qd3 Qd6 31. Ra4 Rc8 32. Bf2 c5 {...c4 is the strong threat.} 33. bxc6 Rxc6 {Hoping for ...Rc1+.} 34. Ra8+ Kg7 {aiming for ...Rc1+.} 35. Ra1 {[#]} Qxb4 (35... Rc3 $1 $17 {[%cal Rc3d3]} 36. Qd2 Qxb4) 36. Rd1 ({Better is} 36. f4 $1 $15 Bxf4 37. Bxd4+ Kh6 38. Rd1) 36... Rd6 (36... Rc3 $17 37. Qd2 Rc4 38. Qxb4 Rxb4) 37. g3 $15 Rd8 38. Kg2 Qd6 (38... b5 $15) 39. f4 $11 Bf6 40. e5 $36 {[%mdl 2048] White has some pressure.} Qc6+ 41. Qf3 Qxf3+ 42. Kxf3 {[%mdl 4096] Endgame KRB-KRB} Be7 43. Rxd4 Rb8 44. Rd7 Kf8 45. g4 {[%cal Bg3g4,Bg4f5,Bf5f6][%mdl 32]} b5 46. f5 gxf5 47. gxf5 b4 $2 {[%mdl 8192]} (47... f6 $11 {and Black is okay.}) 48. f6 $18 Bd8 49. Bc5+ Ke8 {[#]} 50. Rd1 $2 (50. e6 $1 $18 {[%mdl 512]} fxe6 51. f7+ Kxd7 52. f8=Q) 50... b3 51. Rb1 (51. Ke4 $11) 51... Bc7 (51... Kd7 $15) 52. Ke4 $11 Rb5 53. Ba3 $2 {[%mdl 8192]} (53. Bd4 $1 $11 {and White stays safe.}) 53... Bxe5 $19 54. Rg1 {intending Rg5.} Bxf6 55. Rg8+ Kd7 56. Rf8 b2 $2 {[#]} (56... Ra5 $19 57. Bc1 Ke7) 57. Bxb2 $1 $15 {[%mdl 512]} Rxb2 58. Rxf7+ {KRB-KR} Ke6 59. Rxh7 Rb4+ 60. Kd3 Be5 61. Ra7 Bd6 62. Ra5 Rh4 63. Ke2 Rxh3 64. Rg5 Be5 65. Rg8 Kd5 66. Re8 Kd4 67. Kf1 Ke4 68. Ke1 Rh2 69. Re7 Kd4 70. Kf1 Bf4 71. Re2 Rh7 72. Re6 Be3 73. Kg2 Kd3 74. Kf3 Rf7+ 75. Kg4 Ke2 76. Kh5 Kf3 ({Black should play} 76... Rg7 $1 $15) 77. Kg6 $11 Ra7 78. Rc6 Kg4 79. Kf6 Bf4 80. Ke6 Ra8 81. Kd5 Rd8+ 82. Kc4 Kf3 83. Kb5 Ke4 84. Rg6 Be5 85. Rg4+ Kd5 86. Rg5 Rc8 87. Ka5 Rb8 88. Rh5 Kd4 89. Ka6 Ke4 90. Ka5 Bd4 91. Rh4+ Kd5 92. Ka6 Rb6+ 93. Ka5 Rb8 94. Ka6 Kc4 95. Rh6 $1 Rb1 96. Rc6+ Bc5 97. Rg6 Kd5 98. Ka5 Bd6 99. Rg5+ Kc6 {[%cal Rb1a1]} 100. Rg4 Rb3 101. Rc4+ Bc5 102. Rg4 Rh3 103. Rg6+ Bd6 {[%cal Rh3a3]} 104. Rg4 Re3 105. Rh4 Rg3 106. Re4 Ra3+ 107. Ra4 Rh3 {( -> ...Rh5+)} 108. Rg4 Bc5 109. Rg6+ Kd5 110. Rg5+ Kc4 {[%cal Rh3a3]} 111. Rg4+ Bd4 {[%cal Rh3a3]} 112. Rg6 $2 {[%mdl 8192]} (112. Ka4 $11) 112... Ra3# {Accuracy: White = 58%, Black = 56%.} 0-1

[Event "European Blitz-ch 2018"]
[Site "Skopje"]
[Date "2018.12.06"]
[Round "6"]
[White "Markoja, Boris"]
[Black "Lagarde, Maxime"]
[Result "0-1"]
[WhiteElo "2430"]
[BlackElo "2616"]
[Annotator "TA"]
[PlyCount "92"]
[EventDate "2018.12.06"]
[EventType "swiss"]
[EventCountry "MKD"]

{[%evp 9,92,-22,-13,-38,-11,-23,-20,-54,-41,-61,-10,-6,-8,-61,0,-14,-8,-20,0,-56,-29,-77,-72,-126,-25,-19,0,0,0,-68,-2,-37,18,14,16,16,35,7,35,-284,-287,-282,-274,-238,-132,-185,-175,-172,-167,-152,-77,-91,-46,-108,-8,-26,-26,-27,-34,-102,-94,-236,-235,-231,-229,-29993,-220,-208,-158,-158,-188,-202,-200,-335,-400,-302,-200,-1665,-1633,-1470,-1318,-1478,-1412,-1412,-1237]} 1. d4 f5 2. Nc3 d5 3. f3 Nf6 4. Bg5 c5 (4... c6 5. Qd3 b5 6. a3 e6 7. e4 Be7 8. Nge2 O-O 9. exf5 exf5 10. Ng3 Ne8 11. Bf4 g5 12. Be5 {0-1 (35) Sadorra,J (2590)-Kamsky,G (2706) ICC INT 2014}) 5. e3 e6 {LiveBook: 3 Games} 6. Nh3 {A80: Dutch Defence: Unusual White second moves} Nc6 7. Bb5 $146 ({Predecessor:} 7. Qd2 a6 8. a3 b5 9. Rd1 h6 10. Bh4 g5 11. Bf2 Bb7 12. Be2 {0-1 (28) Rodrigo da Silva,E (2000)-Madeira,W (2231) Sao Paulo 2013}) 7... h6 8. Bxf6 {The position is equal.} Qxf6 9. Qd2 a6 (9... Bd7 $15) 10. Bxc6+ $1 $11 bxc6 11. Nf4 (11. O-O-O $11) 11... g5 (11... Rb8 $15) 12. Nfe2 Rb8 13. O-O-O Rh7 14. Na4 (14. b3 $11) 14... Rhb7 15. c3 c4 16. e4 (16. g3 $142) 16... Qd8 (16... Ba3 $17 17. exd5 (17. bxa3 Qe7 $11) 17... cxd5) 17. Qc2 Qa5 18. exf5 exf5 19. Kd2 (19. h4 $11) 19... c5 ({Black should play} 19... f4 $15) 20. Rb1 $1 Bd7 (20... cxd4 $1 $15 21. Nxd4 Bd7) 21. Nxc5 Bxc5 22. dxc5 Qxa2 {[%cal Rb7b2]} 23. Rhe1 Kd8 {[%cal Rb7b2]} 24. Nc1 $2 {[%mdl 8192] [#]} (24. Ra1 $14 {keeps the upper hand.} Qxb2 25. Nd4) 24... Qxb1 $1 $19 {[%mdl 512]} 25. Qxb1 Rxb2+ 26. Qc2 f4 ({Black should try} 26... Ba4 $19 27. Qxb2 Rxb2+ 28. Ke3 Rxg2) 27. Re5 $17 Rxc2+ 28. Kxc2 $19 {[%mdl 4096] Endgame KRB-KRN} Ba4+ 29. Kd2 Rb2+ 30. Ke1 Bc6 31. Re6 {[#]} (31. Ne2 $15) 31... Kd7 (31... Bb5 $1 $17 32. Rxh6 d4 33. Rd6+ Kc8 34. Rxd4 Rxg2) 32. Rxh6 a5 {White must now prevent ...a4.} ({But not} 32... Rxg2 $6 33. Ne2 $16) 33. Ne2 a4 {Strongly threatening ...a3.} 34. Nd4 {[#]} (34. Rh7+ $15 Kc8 35. Nd4) 34... a3 $1 $17 {[%cal Ra3a2] Hoping for ...a2.} 35. Rh7+ ({Avoid the trap} 35. Nxc6 $2 a2 $19) (35. Rd6+ $17 Ke8 36. Nxc6) 35... Ke8 $19 {Threatens to win with ...Bb7.} 36. Nxc6 {KRN-KR} a2 {[%cal Ra2a1]} 37. Re7+ ({Not} 37. Rh8+ $2 Kd7 $19) 37... Kf8 {[%cal Ra2a1]} 38. Ra7 Rxg2 39. Nb4 {[#]} a1=Q+ $1 {[%mdl 512]} 40. Rxa1 Rg1+ 41. Kd2 (41. Kf2 {was forced.} Rxa1 42. Nxd5) 41... Rxa1 42. Nxd5 Ra5 {aiming for ...Kf7.} 43. Nc7 $2 (43. Nb6) 43... Ke7 {Black is clearly winning.} 44. c6 Rc5 45. Na6 Rxc6 46. Nb4 Rh6 {Precision: White = 32%, Black = 37%.} 0-1